Southville International School and Colleges
Your cart is empty.
  • Cart
  • Lists
    Public lists Eva Luna New books Lux_list list_1
    Your lists Log in to create your own lists
  • Log in to your account
  • Your cookies
  • Search history
Southville International School and Colleges
  • Advanced search
  • Recent comments
  • Most popular
  • Libraries

Log in to your account

Log in with GOOGLE


If you do not have an external account, but do have a local account, you can still log in:

  1. Home
  2. MARC view: Abe's honest words :
Normal view MARC view ISBD view

Abe's honest words : (Record no. 361106)

[ view plain ]
MARC details
000 -LEADER
fixed length control field 00703nam a2200265Ia 4500
008 - FIXED-LENGTH DATA ELEMENTS--GENERAL INFORMATION
fixed length control field 190123s9999 xx 000 0 und d
020 ## - INTERNATIONAL STANDARD BOOK NUMBER
International Standard Book Number 9780545620253
050 ## - LIBRARY OF CONGRESS CALL NUMBER
Item number R221 2008
100 ## - MAIN ENTRY--PERSONAL NAME
Personal name Rappaport, Doreen
245 #0 - TITLE STATEMENT
Title Abe's honest words :
245 #4 - TITLE STATEMENT
Remainder of title the life of Abraham Lincoln /
245 #0 - TITLE STATEMENT
Statement of responsibility, etc by Doreen Rappaport ; illustrated by Kadir Nelson.
260 ## - PUBLICATION, DISTRIBUTION, ETC. (IMPRINT)
Place of publication, distribution, etc New York, New York :
260 ## - PUBLICATION, DISTRIBUTION, ETC. (IMPRINT)
Name of publisher, distributor, etc Scholastic,
260 ## - PUBLICATION, DISTRIBUTION, ETC. (IMPRINT)
Date of publication, distribution, etc 2008
300 ## - PHYSICAL DESCRIPTION
Extent unpaged :
300 ## - PHYSICAL DESCRIPTION
Other physical details colored illustrations ;
300 ## - PHYSICAL DESCRIPTION
Dimensions 25cm.
500 ## - GENERAL NOTE
General note 820L
650 ## - SUBJECT ADDED ENTRY--TOPICAL TERM
Topical term or geographic name as entry element Lincoln, Abraham, 1809-1865.
650 ## - SUBJECT ADDED ENTRY--TOPICAL TERM
Topical term or geographic name as entry element Presidents.
650 ## - SUBJECT ADDED ENTRY--TOPICAL TERM
Topical term or geographic name as entry element United States.
700 ## - ADDED ENTRY--PERSONAL NAME
Personal name Nelson, Kadir.
700 ## - ADDED ENTRY--PERSONAL NAME
Personal name Title.
Holdings
Withdrawn status Lost status Damaged status Home library Current library Shelving location Date acquired Total Checkouts Full call number Barcode Date last seen Price effective from Koha item type
      Stonyhurst Southville International School (Malarayat) Stonyhurst Southville International School (Malarayat)   01/23/2019   LEX R221 2008 SSISM6263 01/23/2019 01/23/2019 Lexile

Abe's honest words :

APA

Rappaport D., Nelson K. & Title.Abe's honest words. New York, New York: .

Chicago

Rappaport Doreen, Nelson Kadir and Title.Abe's honest words. New York, New York: .

Harvard

Rappaport D., Nelson K. and Title.Abe's honest words. New York, New York: .

MLA

Rappaport Doreen, Nelson Kadir and Title.New York, New York: . .

  • Place hold
  • Print
  • Cite
  • Add to your cart (remove)
  • Save record
    BIBTEX Dublin Core MARCXML MARC (non-Unicode/MARC-8) MARC (Unicode/UTF-8) MARC (Unicode/UTF-8, Standard) MODS (XML) RIS
  • More searches
    Search for this title in:
    Other Libraries (WorldCat) Other Databases (Google Scholar) Online Stores (Bookfinder.com) Open Library (openlibrary.org)

Exporting to Dublin Core...

SOUTHVILLE LIBRARY

Southville International School and Colleges Library

1281 Tropical Ave. Cor. Luxembourg St., BF Homes International, Las Pinas City

Tel. No. 8256374 / 252358 Loc. 117/146

Powered by Koha